RASSEGNA DI TEOLOGIA. N. III. ANNO XXVI MAGGIO GIUGNO 1985. RIVISTA PER UN AGGIORNAMENTO CRISTIANO TEORICO E PRATICO. (Record n. 319770)
[ formato base ]
| 000 -LEADER | |
|---|---|
| fixed length control field | 01714nas a2200277Ia 4500 |
| 001 - CONTROL NUMBER | |
| control field | R200-R1695 |
| 003 - CONTROL NUMBER IDENTIFIER | |
| control field | IT-CnALBA |
| 008 - FIXED-LENGTH DATA ELEMENTS--GENERAL INFORMATION | |
| fixed length control field | 170116c99999999xx |||||||||||| ||und|| |
| 040 ## - CATALOGING SOURCE | |
| Original cataloging agency | IT-CnALBA |
| Transcribing agency | IT-CnALBA |
| 041 ## - LANGUAGE CODE | |
| Language code of text/sound track or separate title | ITALIANO |
| 999 ## - SYSTEM CONTROL NUMBERS (KOHA) | |
| Koha Dewey Subclass [OBSOLETE] | NO |
| 100 ## - MAIN ENTRY--PERSONAL NAME | |
| Personal name | FUSCO VITTORIO |
| 210 ## - ABBREVIATED TITLE | |
| Abbreviated title | RASSEGNA DI TEOLOGIA |
| 222 ## - KEY TITLE | |
| Key title | RASSEGNA DI TEOLOGIA |
| 245 #0 - TITLE STATEMENT | |
| Title | RASSEGNA DI TEOLOGIA. N. III. ANNO XXVI MAGGIO GIUGNO 1985. RIVISTA PER UN AGGIORNAMENTO CRISTIANO TEORICO E PRATICO. |
| Remainder of title | RIVISTA PER UN AGGIORNAMENTO CRISTIANO TEORICO E PRATICO |
| 250 ## - EDITION STATEMENT | |
| Edition statement | 1a ed. |
| 260 ## - PUBLICATION, DISTRIBUTION, ETC. (IMPRINT) | |
| Place of publication, distribution, etc. | ROMA |
| Name of publisher, distributor, etc. | AVE, ANONIMA VERITA'S EDITRICE |
| Date of publication, distribution, etc. | 1985 |
| 300 ## - PHYSICAL DESCRIPTION | |
| Extent | 96 p. |
| 310 ## - CURRENT PUBLICATION FREQUENCY | |
| Current publication frequency | BIMESTRALE |
| 362 ## - DATES OF PUBLICATION AND/OR SEQUENTIAL DESIGNATION | |
| Dates of publication and/or sequential designation | Fascicolo: 3 / Anno: 26 (1985) |
| 500 ## - GENERAL NOTE | |
| General note | CARITÀ CHIESA MONDO E GIUDIZIO FINALE. DIALOGO. CARITÀ E GIUSTIZIA. NUOVO DIRITTO MATRIMONIALE DELLA CHIESA. RICONCILIAZIONE CRISTIANA E COMUNITÀ DEGLI UOMINI. DIALOGO TRA EBREI E CRISTIANI. VALORI UMANI NELL'OPERA DI EDUARDO DE FILIPPO. CULTURA E MODELLI DI SVILUPPO. RECENSIONI. LIBRI IN VISIONE. RIZZI A. MARUCCI C. LORIZIO G. DI SANTE C. SALERNO M. FORUM ATTIVITÀ TEOLOGICA ITALIANA. |
| 501 ## - WITH NOTE | |
| With note | Società San Paolo EM - Piazza San Paolo, 14 - 12051 ALBA (CN) (non commercial uses only) ® Copyright 2017 |
| 520 ## - SUMMARY, ETC. | |
| Summary, etc. | CARITÀ CHIESA MONDO E GIUDIZIO FINALE. DIALOGO. CARITÀ E GIUSTIZIA. NUOVO DIRITTO MATRIMONIALE DELLA CHIESA. RICONCILIAZIONE CRISTIANA E COMUNITÀ DEGLI UOMINI. DIALOGO TRA EBREI E CRISTIANI. VALORI UMANI NELL'OPERA DI EDUARDO DE FILIPPO. CULTURA E MODELLI DI SVILUPPO. RECENSIONI. LIBRI IN VISIONE. RIZZI A. MARUCCI C. LORIZIO G. DI SANTE C. SALERNO M. FORUM ATTIVITÀ TEOLOGICA ITALIANA. |
| 650 ## - SUBJECT ADDED ENTRY--TOPICAL TERM | |
| Topical term or geographic name as entry element | TEOLOGIA - SCIENZE UMANE |
| 942 ## - ADDED ENTRY ELEMENTS (KOHA) | |
| Koha item type | RIVISTA |
| 957 ## - | |
| -- | 1 |
| 999 ## - SYSTEM CONTROL NUMBERS (KOHA) | |
| -- | 1 |
| Withdrawn status | Lost status | Damaged status | Not for loan | Home library | Current library | Date acquired | Total Checkouts | Full call number | Date last seen | Price effective from | Koha item type | Public note |
|---|---|---|---|---|---|---|---|---|---|---|---|---|
| Buone Condizioni | Not For Loan | ALBA - Biblioteca | ALBA - Biblioteca | 16/01/2017 | R200-R1695 | 16/01/2017 | 16/01/2017 | RIVISTA | (data import: 16 gennaio 2017) - By Epidotti, Vaglietti. |